10 Youngest Defensive Coordinators - Statistics

General Stats
  • This quiz has been taken 3 times
  • The average score is 6 of 10
Answer Stats
Age Coach % Correct
31 Nick Rallis
100%
41 Bobby Babich
67%
39 Chris Shula
67%
43 Dennard Wilson
67%
41 Jesse Minter
67%
37 Kelvin Sheppard
67%
38 Shane Bowen
67%
32 Zach Orr
67%
42 Anthony Campanile
33%
42 Brandon Staley
33%
No matching quizzes found
Score Distribution
Percent of People with Each Score
Percentile by Number Answered
Your Score History
You have not taken this quiz